Grande enciclopédia do desporto (Registo nº 44)

Detalhes MARC
000 -Etiqueta do registo
Cabeçalho 00829nam a2200289 4500
005 - Identificador da versão
Campo de controlo 20240813121753.0
010 ## - Número internacional normalizado dos livros (ISBN)
Número (ISBN) 8480552875
021 ## - Número do Depósito Legal
Código do país ES
Número M.14.066-1999
035 ## - Other System Control Numbers
System Control Number 0000047
System Control Number 0000047
System Control Number 0000047
System Control Number 0000047
100 ## - Dados gerais de processamento
Dados gerais de processamento 19990521d1999 k y0pory5003 ba
102 ## - Pais de publicação ou produção
País de publicação Espanha
101 0# - Língua de publicação
Língua do texto, banda sonora, etc. Português
215 ## - Descrição física 
Indicação específica da natureza do documento e extensão da espécie 5 v, [1159] p.
Dimensões 27 cm
200 1# - Titulo e menção de responsabilidade
Título próprio Grande enciclopédia do desporto
Primeira menção de responsabilidade colaboradores Ana Maria Gaspar...[et al.]
210 ## - Publicação, Distribuição, etc. 
Lugar da edição, distribuição, etc. Móstoles
Nome do editor, distribuidor, etc. Cultural, SA
Data da publicação, distribuição, etc. cop. 1999
320 ## - Nota relativa a bibliografia e índices internos 
Texto da nota Contém índice
305 ## - Notas relativas à edição e história bibliográfica da publicação 
Texto da nota Edição especial em língua Portuguesa: editor Manuel F. Barbosa
675 ## - Classificação Decimal Universal (CDU)
Notação 796(030)
Edição med
Língua da edição por
701 ## - Nome de autor-pessoa física (co-responsabilidade principal)
Palavra de ordem Santos
Outra parte do nome não tomada para palavra de ordem Ana Maria Gondar Marques dos
Código de função Autor / Co-autor
966 ## - Identificação da Biblioteca
Sigla NUMETECA
942 ## - Elementos de entrada adicionados (Koha)
Tipo de item no Koha Livro
Exemplares
Situação do levantamento Origin of item (home branch) (coded) Biblioteca de empréstimo Código de barras Cota Circulation type (not for loan) Tipo de documento Nota do exemplar Damaged status
  Biblioteca Escolar Eng. Nuno Mergulhão Biblioteca Escolar Eng. Nuno Mergulhão BENM194 7DES   Livro Sem mensagem  
  Biblioteca Escolar Eng. Nuno Mergulhão Biblioteca Escolar Eng. Nuno Mergulhão BENM195 7DES   Livro Sem mensagem  
  Biblioteca Escolar Eng. Nuno Mergulhão Biblioteca Escolar Eng. Nuno Mergulhão BENM196 7DES   Livro Sem mensagem  
  Biblioteca Escolar Eng. Nuno Mergulhão Biblioteca Escolar Eng. Nuno Mergulhão BENM197 7DES   Livro Sem mensagem  
  Biblioteca Escolar Eng. Nuno Mergulhão Biblioteca Escolar Eng. Nuno Mergulhão BENM198 7DES   Livro Sem mensagem